Loading...
| Science - Physics | 0 | 9 | 3 | 1 | 75 | 88 | 113.67 | 0 | 0 | 0.00 | 0.00 |
| Science - Other | 0 | 5 | 0 | 1 | 50 | 57 | 96.00 | 0 | 1 | 0.00 | 0.00 |
| Science - Biology | 0 | 6 | 3 | 0 | 45 | 58 | 81.33 | 0 | 2 | 0.00 | 0.00 |
| Science - Chemistry | 0 | 6 | 5 | 1 | 35 | 73 | 101.67 | 0 | 1 | 0.00 | 0.00 |
| Social Science | 0 | 2 | 0 | 0 | 20 | 114 | 124.50 | 0 | 0 | 0.00 | 0.00 |
| Religion | 0 | 2 | 1 | 0 | 15 | 35 | 45.00 | 1 | 1 | 0.00 | 0.00 |
| Painting & Sculpture | 0 | 1 | 0 | 0 | 10 | 106 | 106.00 | 0 | 0 | 0.00 | 0.00 |
| Geography | 0 | 1 | 0 | 0 | 10 | 55 | 55.00 | 0 | 0 | 0.00 | 0.00 |
| History - American | 0 | 1 | 0 | 0 | 10 | 133 | 133.00 | 0 | 0 | 0.00 | 0.00 |
| History - World | 0 | 1 | 0 | 0 | 10 | 133 | 133.00 | 0 | 1 | 0.00 | 0.00 |
| Any History | 0 | 1 | 0 | 0 | 10 | 108 | 108.00 | 0 | 1 | 0.00 | 0.00 |
| History - European | 0 | 1 | 1 | 0 | 5 | 93 | 93.00 | 0 | 0 | 0.00 | 0.00 |
| Philosophy | 0 | 1 | 2 | 0 | 0 | 117 | 117.00 | 0 | 0 | 0.00 | 0.00 |
| Mythology | 0 | 1 | 2 | 0 | 0 | 104 | 104.00 | 0 | 0 | 0.00 | 0.00 |
| Fine Arts - Other | 0 | 0 | 0 | 0 | 0 | 0.00 | 0 | 0 | 0.00 | 0.00 | |
| Current Events | 0 | 0 | 0 | 0 | 0 | 0.00 | 0 | 0 | 0.00 | 0.00 |